000 00799nam a2200277 u 4500
003 UPN
005 20240322085617.0
008 191010s2010 xxka ar ||||0|spa d
020 _a9781409523741
035 _aUPN01000233252
040 _aMX-MxUPN
_bspa
_cMX-MxUPN
041 _aspa
050 4 _aP305
_bL58 2010
100 1 _aLitchfield, Jo
_951355
100 1 _aMaynard, Marc
100 1 _aBarrance, Reuben
_951357
245 1 0 _aAnimales
260 _aReino Unido :
_bUsborne Publishing,
_c2010.
300 _a[12] páginas:
_bilustraciones
490 0 _aMis primeras palabras
650 0 _918416
_aVocabulario
_xEstudio y enseñanza (Preescolar)
650 7 _91061
_aAnimales
_vLiteratura infantil
902 _bMaríaRobles/140324
942 _n0
_2lcc
_cLIBRO
999 _c205347
_d205347